000 00596nam a2200205Ia 4500
005 20250923145120.0
008 008 250917s9999 xx 000 0 eng d
037 _aTextual
040 _aDSWL
_beng
_cDSWL
041 _aeng
_2eng
084 _aVI;58(Z5N6N6, N67
_qDSWL
100 _aLewin, Julius
_9831924
245 0 _aStruggle for racial equality
_cby Julius Lewin
260 _aLondon
_bLongmans Green & Co Ltd.
_c1967
300 _aix,451 p.
365 _aINR
_b12.6
925 _g12.6
942 _cTEXL
_hVI;58(Z5N6N6, N67
999 _c1447298
_d1447298